| 000 | 00911nam a2200253Ia 4500 | ||
|---|---|---|---|
| 003 | OSt | ||
| 005 | 20220923223849.0 | ||
| 006 | a|||||r|||| 00| 0 | ||
| 007 | ta | ||
| 008 | 220922b |||||||| |||| 00| 0 san d | ||
| 024 | _a222,525 | ||
| 037 | _cTextual | ||
| 040 |
_aARTS _cARTS _bsan |
||
| 041 |
_2san _asan |
||
| 082 | _aR641xJ50,1, 15P3 | ||
| 100 | _aदीक्षित, अप्पय्य | ||
| 245 | 0 | _aविधि रसायनम् संपा हरेराम त्रिपाठी | |
| 246 | _aVidhi rasāyanam sanpā harerām tripāṭhī | ||
| 260 |
_aकुशी नगर _b राज विनय प्रकाशन _c2003 |
||
| 300 |
_a144पृ0 _ccm. |
||
| 490 | _aयादी भीम ग्रन्थमाला; 3 | ||
| 942 |
_hR641xJ50,1, 15P3 _cTEXL _2CC |
||
| 999 |
_c367843 _d367843 |
||